Palia - Tous les personnages - Statistiques

Statistiques générales
  • Ce quiz a été pris 17 fois
  • Le résultat moyen est 18 sur 25
Statistiques - réponses
Profession Réponse % Correct
Cuisinier Reth
92%
Aubergiste Ashura
83%
Fermier Badruu
83%
Magistrate Eshe
83%
Archéologue Jina
83%
Conceptrice de meubles Tish
83%
Chasseur d'insectesFacteur Auni
75%
Chasseur Hassian
75%
NounouAssistante en archéologie Hekla
75%
Tailleur-Couturier Jel
75%
Maire Kenli
75%
Forgeronne Sifuu
75%
Commerçant Zeki
75%
Bibliothécaire Caleri
67%
Prêtre Chayne
67%
Pêcheur Einar
67%
Mineur Hodari
67%
Greffière Kenyatta
67%
Fermier Nai'O
67%
Animal de compagnie Tau
67%
Fermière Delaila
58%
Complotiste Elouisa
58%
MineuseInventrice Najuma
58%
Alchimiste Tamala
58%
Observatrice de l'Ordre Subira
42%
Aucun quiz correspondant
Distribution des résultats
% des personnes avec chaque résultat
Percentile par nombre de réponses
Votre historique - résultats
Vous n’avez pas pris ce quiz